| 000 | 00568nam a2200205 a 4500 | ||
|---|---|---|---|
| 005 | 20230510063746.0 | ||
| 008 | 991125s1988 mx 000 0 spa u | ||
| 020 | _a968212421 | ||
| 035 | _aUPN01000052272 | ||
| 049 | _aCG | ||
| 050 | 4 |
_aHQ16 _bR6.78 |
|
| 100 | 1 |
_aReich, Wilhelm, _d1897-1957 _929446 |
|
| 245 | 1 | 3 |
_aLa revolución sexual / _cWilhelm Reich ; tr. Paulino García Moya. |
| 260 |
_aMéxico : _bRoca, _c1988. |
||
| 300 | _a160 p. | ||
| 650 | 2 |
_aCostumbres sexuales _99971 |
|
| 650 | 4 |
_aEducación sexual _97445 |
|
| 650 | 4 |
_aSexo _96715 |
|
| 905 | _aLibro | ||
| 999 |
_c52272 _d52272 |
||